[Event "36. Copenhagen Open (Politiken Cup)"]
[Site "Elsinore"]
[Date "2014.07.28"]
[Round "9"]
[White "Frisk, Hans"]
[Black "Helin, Mikael"]
[Result "0-1"]
[WhiteElo "2042"]
[BlackElo "1885"]
[PlyCount "62"]
[EventDate "2014.07.21"]
[EventType "swiss"]
[EventRounds "10"]
[EventCountry "DEN"]
[Source "ChessBase"]
[SourceDate "2014.08.29"]

1. b3 c5 2. Bb2 Nc6 3. Nf3 e6 4. e3 d5 5. Bb5 Nge7 6. O-O a6 7. Bxc6+ Nxc6 8.
d4 b6 9. Nbd2 f5 10. dxc5 bxc5 11. Ne5 Nxe5 12. Bxe5 Ra7 13. f4 Qh4 14. Rf3 Qh5
15. Qe1 h6 16. Rh3 Qf7 17. Nf3 Rg8 18. Rg3 Be7 19. h4 Rd7 20. Qc3 Bb7 21. Rd1
g5 22. hxg5 hxg5 23. fxg5 d4 24. exd4 Qh5 25. Rd3 Be4 26. dxc5 Bxd3 27. cxd3
Bxg5 28. Nxg5 Rxg5 29. c6 Rh7 30. Rxg5 Qxg5 31. c7 Qe3+ 0-1

[Event "36. Copenhagen Open (Politiken Cup)"]
[Site "Elsinore"]
[Date "2014.07.28"]
[Round "9"]
[White "Gao, Rui"]
[Black "Fossan, Petter"]
[Result "1-0"]
[WhiteElo "2529"]
[BlackElo "2257"]
[PlyCount "87"]
[EventDate "2014.07.21"]
[EventType "swiss"]
[EventRounds "10"]
[EventCountry "DEN"]
[Source "ChessBase"]
[SourceDate "2014.08.29"]

1. e4 c6 2. d4 d5 3. Nc3 dxe4 4. Nxe4 Bf5 5. Ng3 Bg6 6. h4 h6 7. Nf3 Nd7 8. h5
Bh7 9. Bd3 Bxd3 10. Qxd3 e6 11. Bd2 Ngf6 12. O-O-O Be7 13. Rde1 O-O 14. Ne4
Nxe4 15. Qxe4 Nf6 16. Qd3 Kh8 17. g4 Nxg4 18. Rhg1 Nf6 19. Ne5 Qe8 20. f4 Nd7
21. f5 Nxe5 22. dxe5 Rd8 23. Qg3 Rg8 24. f6 Rxd2 25. Kxd2 gxf6 26. Qxg8+ Qxg8
27. Rxg8+ Kxg8 28. Rg1+ Kf8 29. exf6 Bxf6 30. c3 Bg5+ 31. Ke2 Ke7 32. a4 a5 33.
b4 axb4 34. cxb4 f5 35. a5 e5 36. b5 cxb5 37. Rb1 e4 38. Rxb5 f4 39. Re5+ Kf6
40. Rxe4 Kf5 41. Rb4 Kg4 42. Rxb7 f3+ 43. Kf1 Be3 44. a6 1-0

[Event "36. Copenhagen Open (Politiken Cup)"]
[Site "Elsinore"]
[Date "2014.07.28"]
[Round "9"]
[White "Grebstad, Kjell Borre"]
[Black "Hagesaether, Arne"]
[Result "1/2-1/2"]
[WhiteElo "1994"]
[BlackElo "2145"]
[PlyCount "36"]
[EventDate "2014.07.21"]
[EventType "swiss"]
[EventRounds "10"]
[EventCountry "DEN"]
[Source "ChessBase"]
[SourceDate "2014.08.29"]

1. d4 d5 2. c4 c6 3. Nc3 Nf6 4. Nf3 g6 5. e3 Bg7 6. Bd3 O-O 7. O-O Nbd7 8. b3
Re8 9. cxd5 cxd5 10. Bb2 a6 11. h3 Qc7 12. Rc1 Qd6 13. Qc2 e5 14. dxe5 Nxe5 15.
Nxe5 Qxe5 16. Ne2 Qg5 17. Kh1 Bd7 18. Qc7 Bc6 1/2-1/2

[Event "36. Copenhagen Open (Politiken Cup)"]
[Site "Elsinore"]
[Date "2014.07.28"]
[Round "9"]
[White "Hagen, Thorolf"]
[Black "Stuhr, Finn"]
[Result "0-1"]
[WhiteElo "1658"]
[BlackElo "1800"]
[PlyCount "112"]
[EventDate "2014.07.21"]
[EventType "swiss"]
[EventRounds "10"]
[EventCountry "DEN"]
[Source "ChessBase"]
[SourceDate "2014.08.29"]

1. e4 e5 2. Nf3 Nc6 3. Bb5 a6 4. Ba4 b5 5. Bb3 Nf6 6. Nc3 Be7 7. O-O O-O 8. d4
exd4 9. Nxd4 Na5 10. e5 Ne8 11. Bd5 c6 12. Be4 d5 13. Bd3 f5 14. f4 Qb6 15. Be3
c5 16. Nb3 Bb7 17. Nxa5 Qxa5 18. Bf2 d4 19. Nb1 Qb6 20. Nd2 c4 21. Be2 Bc5 22.
Bf3 Rd8 23. Qe1 Nc7 24. Bxb7 Qxb7 25. Qe2 Qb6 26. Qf3 Nd5 27. Rfe1 Rf7 28. Nf1
Nb4 29. Re2 d3 30. cxd3 Bxf2+ 31. Qxf2 Qxf2+ 32. Kxf2 Nxd3+ 33. Kf3 Rfd7 34. e6
Rd4 35. g3 Re8 36. Ne3 g6 37. Nc2 Rd6 38. e7 Kf7 39. Ne1 Nc5 40. Nc2 Rd3+ 41.
Kg2 Ne4 42. Nb4 Rd6 43. a4 a5 44. Nc2 b4 45. Ne3 Rd4 46. g4 fxg4 47. Nxg4 c3
48. bxc3 Nxc3 49. Ne5+ Kg7 50. Rf2 Ne4 51. Rc2 b3 52. Rb2 Rd2+ 53. Kf3 Rxb2 54.
Kxe4 Rxe7 55. Kd5 Rd2+ 56. Kc4 Ra2 0-1

[Event "36. Copenhagen Open (Politiken Cup)"]
[Site "Elsinore"]
[Date "2014.07.28"]
[Round "9"]
[White "Hansen, Anders1"]
[Black "Molvig, Julius"]
[Result "0-1"]
[WhiteElo "1735"]
[BlackElo "1892"]
[PlyCount "54"]
[EventDate "2014.07.21"]
[EventType "swiss"]
[EventRounds "10"]
[EventCountry "DEN"]
[Source "ChessBase"]
[SourceDate "2014.08.29"]

1. b3 d6 2. Bb2 e5 3. e3 Nd7 4. d4 Ngf6 5. dxe5 dxe5 6. Nf3 e4 7. Ne5 Bb4+ 8.
c3 Be7 9. Nc4 O-O 10. Qc2 b6 11. Nbd2 Bb7 12. Be2 Re8 13. O-O-O c5 14. Nf1 Qc7
15. Ng3 g6 16. Nd2 Bf8 17. Bb5 Rad8 18. c4 Bc6 19. Bxc6 Qxc6 20. Ngxe4 Nxe4 21.
Nxe4 Qxe4 22. Qc3 f6 23. Rd5 Ne5 24. Rhd1 Rxd5 25. Rxd5 Qxg2 26. f4 Ng4 27. Rg5
Qf1+ 0-1

[Event "36. Copenhagen Open (Politiken Cup)"]
[Site "Elsinore"]
[Date "2014.07.28"]
[Round "9"]
[White "Hansen, Ole Foss"]
[Black "Suntharalingam, Jarani"]
[Result "1/2-1/2"]
[WhiteElo "1766"]
[BlackElo "1646"]
[PlyCount "128"]
[EventDate "2014.07.21"]
[EventType "swiss"]
[EventRounds "10"]
[EventCountry "DEN"]
[Source "ChessBase"]
[SourceDate "2014.08.29"]

1. d4 d5 2. Nf3 Nf6 3. c4 e6 4. Bg5 Be7 5. e3 Nbd7 6. Nc3 O-O 7. Rc1 c5 8. cxd5
Nxd5 9. Nxd5 Bxg5 10. Nxg5 Qxg5 11. Nf4 cxd4 12. Nh3 Qa5+ 13. Qd2 Qxd2+ 14.
Kxd2 dxe3+ 15. Kxe3 Nf6 16. Nf4 Bd7 17. f3 Bc6 18. Bc4 Rac8 19. Kf2 Kh8 20.
Rhd1 Rfd8 21. Nd3 Bd5 22. Ne5 Kg8 23. Ke1 Kf8 24. Rc3 Nd7 25. Nxd7+ Rxd7 26.
Rdc1 Rdc7 27. Bxd5 Rxc3 28. bxc3 exd5 29. Kd2 Ke7 30. Rb1 b6 31. Kd3 Kd6 32.
Rb4 Rc7 33. a4 Rc5 34. h3 h5 35. g4 hxg4 36. hxg4 g5 37. f4 f6 38. f5 Ke5 39.
Rd4 Rc4 40. Rxc4 dxc4+ 41. Kxc4 Kf4 42. Kd5 Kxg4 43. Ke6 Kh3 44. Kxf6 g4 45.
Ke5 g3 46. f6 g2 47. f7 g1=Q 48. f8=Q Qe3+ 49. Kd5 Qd3+ 50. Ke6 Qc4+ 51. Ke7
Qxa4 52. Qf3+ Kh4 53. Qf2+ Kg4 54. Qd4+ Qxd4 55. cxd4 b5 56. d5 b4 57. d6 b3
58. d7 b2 59. d8=Q b1=Q 60. Qd4+ Kf3 61. Qf6+ Ke3 62. Qh6+ Kd4 63. Qd6+ Kc3 64.
Qc5+ Kb2 1/2-1/2

[Event "36. Copenhagen Open (Politiken Cup)"]
[Site "Elsinore"]
[Date "2014.07.28"]
[Round "9"]
[White "Hardlei, Johan"]
[Black "Fossan, Andreas"]
[Result "1/2-1/2"]
[WhiteElo "1884"]
[BlackElo "1712"]
[PlyCount "113"]
[EventDate "2014.07.21"]
[EventType "swiss"]
[EventRounds "10"]
[EventCountry "DEN"]
[Source "ChessBase"]
[SourceDate "2014.08.29"]

1. e4 e6 2. Nc3 d5 3. Nf3 Nf6 4. e5 Nfd7 5. d4 c5 6. dxc5 Bxc5 7. Bd3 Nc6 8.
Bf4 h6 9. h4 Qc7 10. Qe2 Nb4 11. a3 Nxd3+ 12. cxd3 O-O 13. d4 Be7 14. Qe3 Nb6
15. Nd2 Kh7 16. g4 Bd7 17. g5 h5 18. Qd3+ g6 19. O-O Nc4 20. Nxc4 Qxc4 21. Qxc4
dxc4 22. d5 Bc5 23. Ne4 Be7 24. d6 Bd8 25. a4 Rc8 26. Rfc1 Kg7 27. Nd2 c3 28.
bxc3 Ba5 29. Ra3 b6 30. c4 Bxd2 31. Bxd2 a6 32. Be3 Rc6 33. a5 b5 34. cxb5
Rxc1+ 35. Bxc1 Rc8 36. Bd2 Bxb5 37. Bb4 Rc4 38. Bd2 Rg4+ 39. Kh2 Rxh4+ 40. Kg3
Rd4 41. Be3 Rc4 42. Rd3 Rc8 43. Rb3 Rd8 44. Bb6 Rb8 45. Rxb5 axb5 46. d7 b4 47.
Bc7 Ra8 48. d8=Q Rxd8 49. Bxd8 b3 50. a6 b2 51. a7 b1=Q 52. Bf6+ Kh7 53. a8=Q
Qg1+ 54. Kh3 Qg4+ 55. Kh2 Qf4+ 56. Kg1 Qg4+ 57. Kf1 1/2-1/2

[Event "36. Copenhagen Open (Politiken Cup)"]
[Site "Elsinore"]
[Date "2014.07.28"]
[Round "9"]
[White "Haubro, Martin"]
[Black "Houska, Jovanka"]
[Result "0-1"]
[WhiteElo "2224"]
[BlackElo "2409"]
[PlyCount "108"]
[EventDate "2014.07.21"]
[EventType "swiss"]
[EventRounds "10"]
[EventCountry "DEN"]
[Source "ChessBase"]
[SourceDate "2014.08.29"]

1. e4 c6 2. d4 d5 3. exd5 cxd5 4. c4 Nf6 5. Nc3 Nc6 6. Bg5 e6 7. Nf3 Be7 8. c5
Ne4 9. Bxe7 Nxe7 10. Rc1 O-O 11. Bd3 f5 12. O-O Ng6 13. b4 Bd7 14. Ne2 Qf6 15.
b5 Be8 16. Qa4 Kh8 17. c6 bxc6 18. bxc6 Rf7 19. Rc2 Rc7 20. Rfc1 Rb8 21. Qa3 h6
22. Ba6 Qe7 23. Qa5 Nd6 24. Ne5 Rb6 25. h3 Nxe5 26. dxe5 Nf7 27. Nd4 Nxe5 28.
Bb7 Nc4 29. Qxa7 Rbxc6 30. Nxc6 Bxc6 31. Qb8+ Kh7 32. Ba6 Ra7 33. Bxc4 dxc4 34.
Rxc4 Bd5 35. Rc8 Qg5 36. g3 Ra8 37. Qf4 Qxf4 38. gxf4 Rxa2 39. R8c7 h5 40. Rd7
h4 41. Kf1 Ra4 42. Rcc7 Rxf4 43. Rxg7+ Kh6 44. Rh7+ Kg5 45. Rh8 Ra4 46. Rch7
Bf3 47. Rg8+ Kf6 48. Rh6+ Kf7 49. Rxe6 Kxe6 50. Re8+ Kf7 51. Re1 Rd4 52. Kg1
Rd2 53. Rf1 Rd1 54. Kh2 Be2 0-1

[Event "36. Copenhagen Open (Politiken Cup)"]
[Site "Elsinore"]
[Date "2014.07.28"]
[Round "9"]
[White "Haugli, Petter"]
[Black "Kristiansen, Jens"]
[Result "1/2-1/2"]
[WhiteElo "2286"]
[BlackElo "2412"]
[PlyCount "96"]
[EventDate "2014.07.21"]
[EventType "swiss"]
[EventRounds "10"]
[EventCountry "DEN"]
[Source "ChessBase"]
[SourceDate "2014.08.29"]

1. d4 f5 2. Nf3 Nf6 3. g3 g6 4. Bg2 Bg7 5. O-O O-O 6. c4 d6 7. Nc3 e6 8. Qc2
Nc6 9. e4 fxe4 10. Nxe4 Nxe4 11. Qxe4 d5 12. Qd3 dxc4 13. Qxc4 Nxd4 14. Nxd4
Bxd4 15. Bh6 Bg7 16. Bxg7 Kxg7 17. Rfe1 c6 18. Rad1 Qf6 19. Rd2 e5 20. Qc3 Bf5
21. Qxe5 Qxe5 22. Rxe5 Rad8 23. Ree2 Kf6 24. f4 Bd3 25. Rf2 Rfe8 26. h3 Re1+
27. Kh2 Ke7 28. g4 Bc4 29. a3 Rxd2 30. Rxd2 Re3 31. Kg1 a5 32. Kf2 Rb3 33. h4
Be6 34. Bf3 Kf6 35. Rc2 a4 36. Kg2 Bd5 37. Bxd5 cxd5 38. Rd2 h5 39. gxh5 gxh5
40. Rxd5 Rxb2+ 41. Kf3 Rb3+ 42. Ke4 Rxa3 43. Rxh5 Rb3 44. Ra5 a3 45. h5 Kg7 46.
Kf5 Kh6 47. Kg4 b6 48. Ra6 Kg7 1/2-1/2

[Event "36. Copenhagen Open (Politiken Cup)"]
[Site "Elsinore"]
[Date "2014.07.28"]
[Round "9"]
[White "Hector, Jonny"]
[Black "Levushkina, Elena"]
[Result "1-0"]
[WhiteElo "2483"]
[BlackElo "2310"]
[PlyCount "91"]
[EventDate "2014.07.21"]
[EventType "swiss"]
[EventRounds "10"]
[EventCountry "DEN"]
[Source "ChessBase"]
[SourceDate "2014.08.29"]

1. d4 d5 2. Nc3 Nf6 3. Bg5 c5 4. Bxf6 gxf6 5. e3 Nc6 6. Qh5 e6 7. Nf3 cxd4 8.
exd4 Bb4 9. Bd3 f5 10. O-O Qf6 11. Bb5 Bd7 12. Ne5 Nxe5 13. dxe5 Qe7 14. Bxd7+
Qxd7 15. Ne2 Rc8 16. c3 Bc5 17. Rad1 Qe7 18. Nf4 Bb6 19. Qe2 Qc5 20. Nh5 Bd8
21. Rd4 Rg8 22. Rfd1 Qc6 23. g3 Rg6 24. R1d3 Be7 25. a4 Qa6 26. Qd1 Rc4 27. b3
Rxd4 28. Rxd4 Qb6 29. c4 Bc5 30. Rf4 d4 31. Nf6+ Ke7 32. Rxf5 Qd8 33. Rf4 d3
34. Ne4 Bb4 35. Nd6 Bxd6 36. Rd4 Qb6 37. exd6+ Kd7 38. Rxd3 Rf6 39. Qd2 e5 40.
b4 Qc6 41. c5 Qxa4 42. Qg5 Qa1+ 43. Kg2 e4 44. Qg4+ Re6 45. Re3 Qd4 46. Qf5 1-0

[Event "36. Copenhagen Open (Politiken Cup)"]
[Site "Elsinore"]
[Date "2014.07.28"]
[Round "9"]
[White "Hedlerfog, Robert"]
[Black "Tryggestad, Andreas Garberg"]
[Result "0-1"]
[WhiteElo "1678"]
[BlackElo "1912"]
[PlyCount "102"]
[EventDate "2014.07.21"]
[EventType "swiss"]
[EventRounds "10"]
[EventCountry "DEN"]
[Source "ChessBase"]
[SourceDate "2014.08.29"]

1. c3 Nf6 2. Qc2 d5 3. d3 e5 4. e4 Be6 5. Bg5 h6 6. Bh4 Nc6 7. Be2 Be7 8. b4 a6
9. a3 O-O 10. f3 Qd7 11. Bf2 Rad8 12. g4 dxe4 13. dxe4 h5 14. h3 Rfe8 15. Nd2
Nh7 16. Nc4 Bg5 17. Be3 Bh4+ 18. Bf2 Bxf2+ 19. Kxf2 Qe7 20. h4 hxg4 21. fxg4
Qf6+ 22. Kg2 Qg6 23. Ne3 Nf6 24. g5 Qxe4+ 25. Qxe4 Nxe4 26. Rc1 Rd2 27. Kf3 Nd6
28. h5 f5 29. c4 Nd4+ 30. Kf2 Ne4+ 31. Ke1 Ra2 32. g6 f4 33. Nd1 Nc2+ 34. Kf1
Ng3+ 35. Kg2 Nxh1 36. Kxh1 Ne3 37. Nc3 Rxa3 38. Ne4 Bf5 39. Ng5 e4 40. b5 f3
41. N1xf3 exf3 42. Bxf3 Bg4 43. Bxb7 Bxh5 44. Re1 Bxg6 45. bxa6 Re5 46. Bd5+
Kh8 47. Ne6 c6 48. Nf8 Be4+ 49. Kh2 Ng4+ 50. Kg1 Rg3+ 51. Kf1 Bd3+ 0-1

[Event "36. Copenhagen Open (Politiken Cup)"]
[Site "Elsinore"]
[Date "2014.07.28"]
[Round "9"]
[White "Hendrickson, Nolan"]
[Black "Rosenkilde, Alexander"]
[Result "1/2-1/2"]
[WhiteElo "2168"]
[BlackElo "2255"]
[PlyCount "68"]
[EventDate "2014.07.21"]
[EventType "swiss"]
[EventRounds "10"]
[EventCountry "DEN"]
[Source "ChessBase"]
[SourceDate "2014.08.29"]

1. Nf3 Nf6 2. g3 d5 3. Bg2 e6 4. O-O b5 5. d3 Bb7 6. Nbd2 Be7 7. e4 dxe4 8. Ng5
Nbd7 9. Ndxe4 Qc8 10. Qe2 O-O 11. d4 b4 12. Rd1 h6 13. Nxf6+ Nxf6 14. Ne4 Nxe4
15. Bxe4 c5 16. Bf4 cxd4 17. Rxd4 Bxe4 18. Qxe4 Qc5 19. a3 bxa3 20. Rxa3 Rad8
21. Be3 Qb5 22. Rxa7 Bc5 23. Rxd8 Rxd8 24. Ra8 Rxa8 25. Qxa8+ Bf8 26. c3 f6 27.
b4 Kf7 28. Qa7+ Kg6 29. Qd4 Be7 30. Bd2 Qa4 31. Qd3+ f5 32. Qe2 Kf6 33. Bf4
Qa1+ 34. Kg2 Qxc3 1/2-1/2

[Event "36. Copenhagen Open (Politiken Cup)"]
[Site "Elsinore"]
[Date "2014.07.28"]
[Round "9"]
[White "Henrichsen, Jens"]
[Black "Lauritsen, Martin Lee"]
[Result "0-1"]
[WhiteElo "1959"]
[BlackElo "2143"]
[PlyCount "136"]
[EventDate "2014.07.21"]
[EventType "swiss"]
[EventRounds "10"]
[EventCountry "DEN"]
[Source "ChessBase"]
[SourceDate "2014.08.29"]

1. d4 Nf6 2. c4 g6 3. Nc3 d5 4. cxd5 Nxd5 5. e4 Nxc3 6. bxc3 Bg7 7. Be3 O-O 8.
Qd2 c5 9. Rc1 Qa5 10. Nf3 Nc6 11. d5 Rd8 12. Bd3 Ne5 13. Nxe5 Bxe5 14. c4 Qc7
15. f4 Bg7 16. Qf2 Qa5+ 17. Qd2 Qa3 18. O-O e6 19. Rb1 b6 20. Rb3 Qa4 21. Qe2
Rb8 22. Bxc5 exd5 23. cxd5 Bg4 24. Qxg4 bxc5 25. Qe2 Rxb3 26. axb3 Qxb3 27. Rb1
Qc3 28. Bc4 Re8 29. Rd1 Bd4+ 30. Kh1 a5 31. d6 Rd8 32. e5 Kg7 33. e6 fxe6 34.
Qxe6 Qe3 35. f5 Qg5 36. Rf1 Qf6 37. d7 gxf5 38. Rf3 Qxe6 39. Bxe6 a4 40. Ra3
Kf6 41. Bc4 Rxd7 42. Rxa4 f4 43. Ra6+ Kg5 44. g3 Rb7 45. gxf4+ Kxf4 46. Rh6 Kg5
47. Rc6 Rb2 48. Rc8 h5 49. Rf8 Kh6 50. Re8 h4 51. h3 Kg5 52. Rg8+ Kf4 53. Rg4+
Kf3 54. Bd5+ Ke3 55. Re4+ Kd3 56. Rxh4 c4 57. Bxc4+ Kxc4 58. Re4 Kd5 59. Re8
Be5 60. h4 Rh2+ 61. Kg1 Rxh4 62. Kf2 Ke4 63. Re7 Rh2+ 64. Kg1 Rc2 65. Re8 Kf4
66. Rf8+ Kg3 67. Rg8+ Kf3 68. Rf8+ Bf4 0-1

[Event "36. Copenhagen Open (Politiken Cup)"]
[Site "Elsinore"]
[Date "2014.07.28"]
[Round "9"]
[White "Hinrichs, Lars"]
[Black "Hallerod, Ralph"]
[Result "1-0"]
[WhiteElo "2003"]
[BlackElo "2126"]
[PlyCount "57"]
[EventDate "2014.07.21"]
[EventType "swiss"]
[EventRounds "10"]
[EventCountry "DEN"]
[Source "ChessBase"]
[SourceDate "2014.08.29"]

1. e4 d5 2. Nc3 dxe4 3. Nxe4 Bf5 4. Qf3 Bg6 5. h4 c6 6. h5 Bxe4 7. Qxe4 Nf6 8.
Qf3 h6 9. Bc4 e6 10. Ne2 Bd6 11. d4 Nbd7 12. Bd2 Qc7 13. O-O-O O-O-O 14. Kb1
Kb8 15. Ng3 Rhf8 16. Ne4 Nxe4 17. Qxe4 Nf6 18. Qf3 Rd7 19. Bxh6 Ne8 20. Be3 b5
21. Be2 Rg8 22. c4 Qb7 23. cxb5 cxb5 24. Qxb7+ Rxb7 25. Bf3 Rc7 26. Rc1 Nf6 27.
Rxc7 Bxc7 28. Rc1 Bb6 29. Bf4+ 1-0

[Event "36. Copenhagen Open (Politiken Cup)"]
[Site "Elsinore"]
[Date "2014.07.28"]
[Round "9"]
[White "Hoiberg, Nina"]
[Black "Rasmussen, Morten(1956)"]
[Result "1-0"]
[WhiteElo "2224"]
[BlackElo "1861"]
[PlyCount "51"]
[EventDate "2014.07.21"]
[EventType "swiss"]
[EventRounds "10"]
[EventCountry "DEN"]
[Source "ChessBase"]
[SourceDate "2014.08.29"]

1. e4 c6 2. d4 d5 3. e5 Bf5 4. c4 e6 5. Nc3 Ne7 6. a3 dxc4 7. Bxc4 Nd7 8. Nge2
Nb6 9. Bb3 Ned5 10. Ng3 Bg6 11. O-O Be7 12. f4 Bh4 13. Nce4 Bxe4 14. Nxe4 Be7
15. f5 Qd7 16. fxe6 Qxe6 17. Ng5 Bxg5 18. Bxg5 Qg6 19. Qd2 h6 20. Bh4 Qe4 21.
Qf2 O-O 22. Rae1 Qg4 23. Bd1 Qe6 24. Bc2 Ne7 25. Qg3 Nbd5 26. Rf6 1-0

[Event "36. Copenhagen Open (Politiken Cup)"]
[Site "Elsinore"]
[Date "2014.07.28"]
[Round "9"]
[White "Hojgaard, Brandur"]
[Black "Stuhr, Peter Sebastian"]
[Result "1-0"]
[WhiteElo "1779"]
[BlackElo "1965"]
[PlyCount "101"]
[EventDate "2014.07.21"]
[EventType "swiss"]
[EventRounds "10"]
[EventCountry "DEN"]
[Source "ChessBase"]
[SourceDate "2014.08.29"]

1. d4 d6 2. Nf3 Nf6 3. Bf4 Nbd7 4. e3 Nh5 5. Bg3 Nxg3 6. hxg3 e5 7. Bd3 g6 8.
c3 Qe7 9. Qc2 f5 10. dxe5 Nxe5 11. Nxe5 Qxe5 12. Nd2 Be6 13. Nf3 Qf6 14. Qa4+
c6 15. Qc2 Bg7 16. Be2 Bd5 17. Bd3 O-O-O 18. O-O Rde8 19. Rac1 Be4 20. b4 h5
21. c4 g5 22. Bxe4 fxe4 23. Nd4 h4 24. g4 h3 25. g3 Kc7 26. Kh2 Qf7 27. Nf5 Be5
28. a4 Re6 29. a5 Kb8 30. a6 bxa6 31. Qa4 Qb7 32. Rb1 Rh7 33. Rb3 Ka8 34. Rfb1
Rd7 35. b5 axb5 36. cxb5 c5 37. Qc4 Re8 38. b6 a6 39. Ra3 Kb8 40. Rxa6 Qc6 41.
b7 d5 42. Qa2 Qxb7 43. Rxb7+ Rxb7 44. Ra8+ Kc7 45. Rxe8 Rb2 46. Qa7+ Kc6 47.
Rxe5 Rxf2+ 48. Kxh3 Rf3 49. Qa6+ Kc7 50. Re7+ Kb8 51. Qb7# 1-0

[Event "36. Copenhagen Open (Politiken Cup)"]
[Site "Elsinore"]
[Date "2014.07.28"]
[Round "9"]
[White "Hoyer, Jacob K"]
[Black "Petersen, Tom Petri"]
[Result "0-1"]
[WhiteElo "2200"]
[BlackElo "2334"]
[PlyCount "92"]
[EventDate "2014.07.21"]
[EventType "swiss"]
[EventRounds "10"]
[EventCountry "DEN"]
[Source "ChessBase"]
[SourceDate "2014.08.29"]

1. d4 g6 2. c4 Bg7 3. Nc3 c5 4. d5 d6 5. e4 Nf6 6. Nge2 O-O 7. Ng3 e6 8. Be2
exd5 9. cxd5 a6 10. a4 Re8 11. O-O b6 12. Be3 Nbd7 13. Qd2 h5 14. Bg5 Qc7 15.
f4 Nh7 16. Bh4 c4 17. Rac1 Ndf6 18. Bf3 Rb8 19. b4 b5 20. axb5 axb5 21. Ra1 Ng4
22. Nge2 f5 23. Ra5 Nhf6 24. exf5 Bxf5 25. h3 Bd3 26. Nxb5 Qb6+ 27. Kh1 Ne3 28.
Rc1 Nf5 29. Be1 h4 30. Nec3 Ng3+ 31. Bxg3 hxg3 32. Raa1 Re7 33. Re1 Rbe8 34.
Rxe7 Rxe7 35. Rg1 Qf2 36. Qc1 Re3 37. Qd1 Bc2 38. Qf1 Bd3 39. Qd1 Ne8 40. Bg4
Kh7 41. Bd7 Nf6 42. Be6 Ne4 43. Nxe4 Bxe4 44. Qf1 c3 45. f5 Re1 46. fxg6+ Kh6
0-1

[Event "36. Copenhagen Open (Politiken Cup)"]
[Site "Elsinore"]
[Date "2014.07.28"]
[Round "9"]
[White "Hvenekilde, Jorgen"]
[Black "Sorensen, Dick"]
[Result "1/2-1/2"]
[WhiteElo "2122"]
[BlackElo "1977"]
[PlyCount "32"]
[EventDate "2014.07.21"]
[EventType "swiss"]
[EventRounds "10"]
[EventCountry "DEN"]
[Source "ChessBase"]
[SourceDate "2014.08.29"]

1. e4 c5 2. Nf3 e6 3. d4 cxd4 4. Nxd4 a6 5. Nc3 Qc7 6. g3 Nf6 7. Bg2 Nc6 8. O-O
d6 9. h3 Bd7 10. Nde2 Be7 11. Be3 O-O 12. Qd2 b5 13. a4 b4 14. Na2 a5 15. Rfd1
Ne5 16. b3 Bc6 1/2-1/2

[Event "36. Copenhagen Open (Politiken Cup)"]
[Site "Elsinore"]
[Date "2014.07.28"]
[Round "9"]
[White "Hyldkrog, Lars"]
[Black "Maechel, Michael"]
[Result "1/2-1/2"]
[WhiteElo "1963"]
[BlackElo "1718"]
[PlyCount "83"]
[EventDate "2014.07.21"]
[EventType "swiss"]
[EventRounds "10"]
[EventCountry "DEN"]
[Source "ChessBase"]
[SourceDate "2014.08.29"]

1. e4 c5 2. Nf3 d6 3. d4 cxd4 4. Nxd4 Nf6 5. Nc3 g6 6. Be3 Bg7 7. f3 O-O 8. Qd2
Nc6 9. O-O-O Bd7 10. g4 Ne5 11. h4 h5 12. Be2 Rc8 13. Bh6 Nc4 14. Bxc4 Rxc4 15.
Bxg7 Kxg7 16. g5 Ne8 17. f4 Bg4 18. Rdf1 Qb6 19. Nce2 Bxe2 20. Nxe2 Rxe4 21. f5
Qe3 22. Qxe3 Rxe3 23. Nf4 e6 24. Kd2 Re5 25. f6+ Kg8 26. Rh3 Nc7 27. c4 Rf5 28.
Rff3 e5 29. Nd5 Nxd5 30. cxd5 Rxf3 31. Rxf3 Rc8 32. Rb3 b6 33. a4 Rc5 34. Rd3
Kf8 35. b4 Rc4 36. Rc3 Rxc3 37. Kxc3 Ke8 38. b5 Kd7 39. Kd3 Kc7 40. Ke4 Kb7 41.
Ke3 a6 42. Ke4 1/2-1/2

[Event "36. Copenhagen Open (Politiken Cup)"]
[Site "Elsinore"]
[Date "2014.07.28"]
[Round "9"]
[White "Ikeda, Junta"]
[Black "Romanov, Evgeny"]
[Result "0-1"]
[WhiteElo "2402"]
[BlackElo "2643"]
[PlyCount "134"]
[EventDate "2014.07.21"]
[EventType "swiss"]
[EventRounds "10"]
[EventCountry "DEN"]
[Source "ChessBase"]
[SourceDate "2014.08.29"]

1. Nf3 Nf6 2. c4 c5 3. g3 Nc6 4. Bg2 e5 5. Nc3 Be7 6. O-O O-O 7. Ne1 a6 8. f4
exf4 9. gxf4 b5 10. b3 Bb7 11. Bb2 Na5 12. e4 bxc4 13. e5 Ne8 14. Bxb7 Nxb7 15.
bxc4 Na5 16. Qe2 Rb8 17. d3 d6 18. Nd5 dxe5 19. fxe5 Nc7 20. Nf6+ Bxf6 21. exf6
Re8 22. Qg2 g6 23. Bc3 Ne6 24. Nf3 Nc6 25. Qd2 Qd6 26. Rae1 Rbd8 27. Kh1 Ned4
28. Bxd4 cxd4 29. Ng5 Rxe1 30. Qxe1 h6 31. Ne4 Qe5 32. Qh4 h5 33. Rb1 Rb8 34.
Rxb8+ Qxb8 35. Qe1 Ne5 36. Qd1 Ng4 37. Qe2 Qf4 38. h3 Qc1+ 39. Kg2 Ne3+ 40. Kg3
Qg1+ 41. Kf4 Qb1 42. Ke5 Nf5 43. c5 Qb7 44. Qd2 Qc7+ 45. Kd5 Qd7+ 46. Nd6 Qe6+
47. Kc6 Qxf6 48. Qa5 Ne7+ 49. Kb7 Qf3+ 50. Ne4 f5 51. Qd8+ Kf7 52. Qd5+ Nxd5
53. Ng5+ Kf6 54. Nxf3 g5 55. Nxd4 g4 56. hxg4 hxg4 57. c6 f4 58. Ne2 Ke5 59. c7
Nxc7 60. Kxc7 f3 61. Ng3 Kf4 62. Nh5+ Ke3 63. d4 f2 64. Ng3 Kf3 65. Nf1 g3 66.
d5 g2 67. Nd2+ Kf4 0-1

[Event "36. Copenhagen Open (Politiken Cup)"]
[Site "Elsinore"]
[Date "2014.07.28"]
[Round "9"]
[White "Ivarsson, Torbjorn"]
[Black "Akdag, Dara Sevkan"]
[Result "0-1"]
[WhiteElo "2131"]
[BlackElo "2236"]
[PlyCount "84"]
[EventDate "2014.07.21"]
[EventType "swiss"]
[EventRounds "10"]
[EventCountry "DEN"]
[Source "ChessBase"]
[SourceDate "2014.08.29"]

1. e4 c5 2. Nc3 d6 3. f4 Nc6 4. Nf3 e6 5. Bb5 Qc7 6. d3 Nf6 7. O-O Be7 8. e5
Nd7 9. exd6 Bxd6 10. Ng5 O-O 11. Nce4 Be7 12. Be3 h6 13. Nf3 a6 14. Bxc6 Qxc6
15. Ne5 Qc7 16. Qh5 f5 17. Ng6 Re8 18. Nd2 Nf6 19. Qe2 Nd5 20. Nc4 Bf6 21. Nce5
b6 22. Bd2 Kh7 23. Rae1 Bb7 24. a3 b5 25. Qh5 c4 26. dxc4 bxc4 27. Kh1 c3 28.
bxc3 Nxc3 29. Bxc3 Qxc3 30. Nd7 Bxg2+ 31. Kxg2 Qc6+ 32. Qf3 Qxd7 33. Ne5 Qc7
34. Rf2 Bh4 35. Rd1 Bxf2 36. Qxf2 Rad8 37. Rg1 Rd5 38. Qe2 Rxe5 39. fxe5 Rc8
40. Rc1 Qc3 41. Rd1 Rc4 42. Rd6 Rg4+ 0-1

[Event "36. Copenhagen Open (Politiken Cup)"]
[Site "Elsinore"]
[Date "2014.07.28"]
[Round "9"]
[White "Jacobsen, Caroline Beer"]
[Black "Jorgensen, Alexander Torp"]
[Result "0-1"]
[WhiteElo "1622"]
[BlackElo "1762"]
[PlyCount "52"]
[EventDate "2014.07.21"]
[EventType "swiss"]
[EventRounds "10"]
[EventCountry "DEN"]
[Source "ChessBase"]
[SourceDate "2014.08.29"]

1. e4 g6 2. d4 Bg7 3. Nf3 d6 4. Nc3 a6 5. Be3 b5 6. a4 b4 7. Nd5 a5 8. c4 Bb7
9. Bd3 Nd7 10. O-O e6 11. Nf4 c5 12. Ne2 Ngf6 13. Qc2 Ng4 14. d5 exd5 15. exd5
Nxe3 16. fxe3 O-O 17. e4 Ne5 18. Nxe5 Bxe5 19. Rf3 Bc8 20. h3 Qh4 21. Raf1 g5
22. g4 h5 23. gxh5 Bxh3 24. Nc1 g4 25. Rf5 Bd4+ 26. R1f2 g3 0-1